مكتبة جامعة عجلون الوطنية

فهرس بحث المكتبة

الكرك : بانوراما الزمن الاخير / (Record no. 34124)

MARC details
000 -LEADER
fixed length control field 00775nam a22002057a 4500
003 - CONTROL NUMBER IDENTIFIER
control field JO-AjAnu
005 - DATE AND TIME OF LATEST TRANSACTION
control field 20251021103403.0
008 - FIXED-LENGTH DATA ELEMENTS--GENERAL INFORMATION
fixed length control field 251018b jo ||||| |||| 00| 0 ara d
040 ## - CATALOGING SOURCE
Original cataloging agency JO-AjAnu
Language of cataloging ara
Transcribing agency JO-AjAnu
Modifying agency JO-AjAnu
Description conventions rda
041 ## - LANGUAGE CODE
Language code of text/sound track or separate title ara
Language code of original ara
050 ## - LIBRARY OF CONGRESS CALL NUMBER
Classification number DS154.9.
Item number K35.H3296 2021
100 #1 - MAIN ENTRY--PERSONAL NAME
Personal name الحباشنة، يوسف
Relator term مؤلف
9 (RLIN) 66877
245 #0 - TITLE STATEMENT
Title الكرك : بانوراما الزمن الاخير /
Statement of responsibility, etc. تاليف يوسف الحباشنة
260 ## - PUBLICATION, DISTRIBUTION, ETC.
Place of publication, distribution, etc. عمان :
Name of publisher, distributor, etc. وزارة الثقافة،
Date of publication, distribution, etc. 2021
300 ## - PHYSICAL DESCRIPTION
Extent 282 صفحة
490 ## - SERIES STATEMENT
Series statement سلسلة مكتبة الاسرة-تراث ودراسات اردنية 837
504 ## - BIBLIOGRAPHY, ETC. NOTE
Bibliography, etc. note يحتوي غلى فهرس مراجع
650 70 - SUBJECT ADDED ENTRY--TOPICAL TERM
Topical term or geographic name entry element الكرك-الاردن-تاريخ
9 (RLIN) 66878
942 ## - ADDED ENTRY ELEMENTS (KOHA)
Source of classification or shelving scheme Library of Congress Classification
Koha item type Books
Suppress in OPAC No
Holdings
Withdrawn status Lost status Source of classification or shelving scheme Damaged status Not for loan Home library Current library Date acquired Total Checkouts Full call number Barcode Date last seen Price effective from Koha item type
    Library of Congress Classification     مكتبة جامعة عجلون الوطنية مكتبة جامعة عجلون الوطنية 18/10/2025   DS154.9.K35.H3296 2021 a30550 18/10/2025 18/10/2025 Books
    Library of Congress Classification     مكتبة جامعة عجلون الوطنية مكتبة جامعة عجلون الوطنية 18/10/2025   DS154.9.K35.H3296 2021 a30549 18/10/2025 18/10/2025 Books